Co znajduje się na biurku? - Statystyki

Ogólne statystyki
  • Ten quiz został rozwiązany 10 razy
  • Średni wynik to 1 z 5
Statystyki odpowiedzi
Hint Odpowiedź % Poprawnych
1. Komputer | Laptop
100%
2. Książki
25%
5. Drukarka
0%
4. Notatnik
0%
3. Papier
0%
Nie znaleziono quizów pasujących do podanych kryteriów
Rozkład punktacji
Procent ludzi z każdym wynikiem
Percentyl według liczby udzielonych odpowiedzi
Twoja historia wyników
Nie rozwiązałeś tego quizu